000
00265nam a2200109Ia 4500
008
191206s9999 xx 000 0 und d
090
_a
PR6056.U4B4
245
0
_a
blood knot: a play in seven scenes
260
_a
Simondium
260
_c
c1963
300
_a
131 p. 20 cm.
999
_c
15570
_d
15570